Research in airport pavements : (Record no. 548181)

000 -LEADER
fixed length control field 00996cam a2200205 i 4500
020 ## - INTERNATIONAL STANDARD BOOK NUMBER
International Standard Book Number 0309028000
082 00 - DEWEY DECIMAL CLASSIFICATION NUMBER
Classification number 629.13634
Author Mark NAT
-- D
245 10 - TITLE STATEMENT
Title Research in airport pavements :
Remainder of title proceedings of a conference /
Statement of responsibility, etc. sponsored by the Federal Aviation Administration, U.S. Department of Transportation, conducted by the Transportation Research Board in conjunction with the Georgia Institute of Technology, and held November 15-17, 1976, in Atlanta, Georgia.
260 ## - PUBLICATION, DISTRIBUTION, ETC.
Place of publication, distribution, etc. Washington :
Name of publisher, distributor, etc. National Academy of Sciences,
Date of publication, distribution, etc. 1978.
300 ## - PHYSICAL DESCRIPTION
Extent iv, 116 p. :
Other physical details ill. ;
Dimensions 28 cm.
490 1# - SERIES STATEMENT
Series statement Special report - Transportation Research Board, National Research Council ;
526 ## - STUDY PROGRAM INFORMATION NOTE
Program name 0
Interest level 0
Reading level 0
Title point value 629_136340000000000_NAT
650 #0 - SUBJECT ADDED ENTRY--TOPICAL TERM
Topical term or geographic name entry element MCE
9 (RLIN) 379
650 #0 - SUBJECT ADDED ENTRY--TOPICAL TERM
Topical term or geographic name entry element Pavements
General subdivision Congresses.
9 (RLIN) 21178
650 #0 - SUBJECT ADDED ENTRY--TOPICAL TERM
Topical term or geographic name entry element Runways (Aeronautics)
General subdivision Congresses.
9 (RLIN) 44369
710 1# - ADDED ENTRY--CORPORATE NAME
Corporate name or jurisdiction name as entry element United States.
9 (RLIN) 21185
710 2# - ADDED ENTRY--CORPORATE NAME
Corporate name or jurisdiction name as entry element Georgia Institute of Technology.
9 (RLIN) 44370
710 2# - ADDED ENTRY--CORPORATE NAME
Corporate name or jurisdiction name as entry element National Research Council (U.S.).
9 (RLIN) 20017
942 ## - ADDED ENTRY ELEMENTS (KOHA)
Source of classification or shelving scheme
Koha item type Book
Holdings
Withdrawn status Lost status Source of classification or shelving scheme Damaged status Not for loan Permanent Location Current Location Date acquired Total Checkouts Full call number Barcode Date last seen Price effective from Koha item type
          Military College of Engineering (MCE) Military College of Engineering (MCE) 08/25/2014   629.13634 NAT MCE-42403 08/25/2014 08/25/2014 Book
© 2023 Central Library, National University of Sciences and Technology. All Rights Reserved.